000 00475nam a22001337a 4500
020 _a9781840225969
082 _a340.112
_bMIL
100 _aMill, John Stuart
245 _aOn Liberty & Utilitarianism and other Works:
_bRepresentative Government the Subjection of Women the Contest in America Inaugural Address /
_cJohn Stuart Mill
260 _aLondon :
_bWordsworth Classic of World Literature,
_c2016.
300 _a616 p. ;
_c20 cm.
563 _aPBK.
942 _2ddc
_cBK
999 _c590499
_d590499